Statistics for Fulham FC Squad 2022-2023

Click here to take the quiz!

General Stats

  • This quiz has been taken 145 times
    (104 since last reset)
  • The average score is 18 of 28

Answer Stats

#PositionNationPlayer% Correct
9FWSerbiaAleksandar Mitrović
96%
17GKGermanyBernd Leno
89%
13DFUnited StatesTim Ream
84%
33DFUnited StatesAntonee Robinson
82%
20FWBrazilWillian
82%
2DFNetherlandsKenny Tete
79%
26MFPortugalJoão Palhinha
77%
14MFJamaicaBobby Reid
75%
10MFScotlandTom Cairney
75%
8FWWalesHarry Wilson
73%
18MFBrazilAndreas Pereira
71%
-CoachPortugalMarco Silva
71%
21FWWalesDaniel James
70%
1GKSlovakiaMarek Rodák
70%
30FWBrazilCarlos Vinícius
68%
6MFEnglandHarrison Reed
68%
31DFFranceIssa Diop
68%
11FWIsraelManor Solomon
66%
7FWDR CongoNeeskens Kebano
59%
27DFSwitzerlandKevin Mbabu
57%
12DFPortugalCédric Soares
55%
4DFEnglandTosin Adarabioyo
54%
5DFIrelandShane Duffy
50%
28MFSerbiaSaša Lukić
48%
3DFFranceLayvin Kurzawa
38%
12MFEnglandNathaniel Chalobah
18%
25MFEnglandJosh Onomah
16%
35MFAustraliaTyrese Francois
16%

Score Distribution

Percentile by Number Answered

Percent of People with Each Score

Your Score History

You have not taken this quiz since the last reset